000 00658nam a2200241Ia 4500
005 20260320201120.0
008 008 262003s9999 xx 000 0 eng d
037 _aEBOOK
040 _aCRL
040 _beng
040 _cCRL
041 _2eng
041 _aeng
084 _qCRL
100 _aFlorencias-Oliveros
_91134279
245 0 _aPower Quality Measurement and Analysis Using Higher-Order Statistics: Understanding HOS contribution on the Smart(er) grid
260 _bIEEE
260 _c2023
856 _uhttps://ieeexplore.ieee.org/servlet/opac?bknumber=9951411
942 _cEBOOK
999 _c1718989
_d1718989